<?xml version="1.0" encoding="UTF-8"?>
<record
    xmlns:xsi="http://www.w3.org/2001/XMLSchema-instance"
    xsi:schemaLocation="http://www.loc.gov/MARC21/slim http://www.loc.gov/standards/marcxml/schema/MARC21slim.xsd"
    xmlns="http://www.loc.gov/MARC21/slim">

  <leader>02479cam a2200301 a 4500</leader>
  <controlfield tag="001">691208</controlfield>
  <controlfield tag="005">20210414113906.0</controlfield>
  <controlfield tag="008">960621s1997    iluab    b    000 0 eng  </controlfield>
  <datafield tag="010" ind1=" " ind2=" ">
    <subfield code="a">   96031158 </subfield>
  </datafield>
  <datafield tag="020" ind1=" " ind2=" ">
    <subfield code="a">0256191832</subfield>
  </datafield>
  <datafield tag="040" ind1=" " ind2=" ">
    <subfield code="a">DLC</subfield>
    <subfield code="c">DLC</subfield>
    <subfield code="d">DLC</subfield>
  </datafield>
  <datafield tag="050" ind1="0" ind2="0">
    <subfield code="a">HB615.H575</subfield>
  </datafield>
  <datafield tag="082" ind1="0" ind2="0">
    <subfield code="a">658.4/21</subfield>
    <subfield code="2">20</subfield>
  </datafield>
  <datafield tag="100" ind1="1" ind2=" ">
    <subfield code="a">Hisrich, Robert D.</subfield>
  </datafield>
  <datafield tag="245" ind1="1" ind2="0">
    <subfield code="a">Cases in international entrepreneurship /</subfield>
    <subfield code="c">Robert D. Hisrich, Patricia P. McDougall, Benjamin M. Oviatt.</subfield>
  </datafield>
  <datafield tag="260" ind1=" " ind2=" ">
    <subfield code="a">Chicago :</subfield>
    <subfield code="b">Irwin,</subfield>
    <subfield code="c">c1997.</subfield>
  </datafield>
  <datafield tag="300" ind1=" " ind2=" ">
    <subfield code="a">xii, 330 p. :</subfield>
    <subfield code="b">ill. maps ;</subfield>
    <subfield code="c">24 cm.</subfield>
  </datafield>
  <datafield tag="504" ind1=" " ind2=" ">
    <subfield code="a">Includes bibliographical references.</subfield>
  </datafield>
  <datafield tag="505" ind1=" " ind2=" ">
    <subfield code="a">Contents: Starting the international new venture: Case I: China International Trade Associates, Limited: A New venture's journey into China -- Case 2: Heartware International Corporation -- Case 3: Professional staff, Limited - taking a venture abroad -- Market entry: Exporting, licensing, direct investment: Case 4: Airview Mapping, Inc. -- Case 5: Graphisoft: The Entry of a Hungarian software venture into the U.S. market -- Case 6: Power Beat International Limited -- Case 7: Sytko International Limited -- Cross-border alliances: Case 8: Foreign market entry and internalization: The Case of Datacom Software Research -- Case 9: Lobatse Clay Works -- Case 10: Internationalization and the entrepreneurial high technology firm: MANA Systems Limited -- Managing international growth: Case 11: Cognex Corporation -- Case 12: International UNP Holdings, Limited -- Case 13: Monaghan Mushrooms -- Nature Isle Herbal Teas, Limited -- Cultural, ethical and illegal issues: Case 15: Riverdance -- Case 16: Shopping for sunglasses at the Burjaman Centre: The Case of a shady buyer -- Case 17: Tasky Hucek -- Cross-border financial issues: Case 18: Carolina Furniture Company -- Case 19: Doka Corporation: An entrepreneurial Russian  high technology venture -- Human resources issues: Case 20: Crises at Wrentham Corporation: A Case of Executive selection after merger -- Diamond Power: Capitalism in China -- The Hit and run expatriate employees</subfield>
  </datafield>
  <datafield tag="650" ind1=" " ind2="0">
    <subfield code="a">Entrepreneurship</subfield>
    <subfield code="x">Case studies.</subfield>
  </datafield>
  <datafield tag="650" ind1=" " ind2="0">
    <subfield code="a">International business enterprises</subfield>
    <subfield code="x">Case studies.</subfield>
  </datafield>
  <datafield tag="650" ind1=" " ind2="0">
    <subfield code="a">Joint ventures</subfield>
    <subfield code="x">Case studies.</subfield>
  </datafield>
  <datafield tag="700" ind1="1" ind2=" ">
    <subfield code="a">McDougall, Patricia P.</subfield>
  </datafield>
  <datafield tag="700" ind1="1" ind2=" ">
    <subfield code="a">Oviatt, Benjamin M.</subfield>
  </datafield>
  <datafield tag="906" ind1=" " ind2=" ">
    <subfield code="a">7</subfield>
    <subfield code="b">cbc</subfield>
    <subfield code="c">orignew</subfield>
    <subfield code="d">1</subfield>
    <subfield code="e">ocip</subfield>
    <subfield code="f">19</subfield>
    <subfield code="g">y-gencatlg</subfield>
  </datafield>
  <datafield tag="942" ind1=" " ind2=" ">
    <subfield code="2">lcc</subfield>
    <subfield code="c">BK</subfield>
  </datafield>
  <datafield tag="999" ind1=" " ind2=" ">
    <subfield code="c">408</subfield>
    <subfield code="d">7908</subfield>
  </datafield>
  <datafield tag="952" ind1=" " ind2=" ">
    <subfield code="0">0</subfield>
    <subfield code="1">0</subfield>
    <subfield code="2">lcc</subfield>
    <subfield code="4">0</subfield>
    <subfield code="7">0</subfield>
    <subfield code="a">WIUC-1</subfield>
    <subfield code="b">WIUC-1</subfield>
    <subfield code="c">GEN</subfield>
    <subfield code="d">2011-12-15</subfield>
    <subfield code="l">0</subfield>
    <subfield code="o">HB615.H575</subfield>
    <subfield code="p">1102/11</subfield>
    <subfield code="r">2011-12-15 00:00:00</subfield>
    <subfield code="t">1</subfield>
    <subfield code="w">2011-12-15</subfield>
    <subfield code="y">BK</subfield>
  </datafield>
  <datafield tag="952" ind1=" " ind2=" ">
    <subfield code="0">0</subfield>
    <subfield code="1">0</subfield>
    <subfield code="2">lcc</subfield>
    <subfield code="4">0</subfield>
    <subfield code="7">0</subfield>
    <subfield code="a">WIUC-1</subfield>
    <subfield code="b">WIUC-1</subfield>
    <subfield code="c">GEN</subfield>
    <subfield code="d">2011-12-15</subfield>
    <subfield code="l">0</subfield>
    <subfield code="o">HB615.H5751</subfield>
    <subfield code="p">1103/11</subfield>
    <subfield code="r">2011-12-15 00:00:00</subfield>
    <subfield code="t">2</subfield>
    <subfield code="w">2011-12-15</subfield>
    <subfield code="y">BK</subfield>
  </datafield>
  <datafield tag="952" ind1=" " ind2=" ">
    <subfield code="0">0</subfield>
    <subfield code="1">0</subfield>
    <subfield code="2">lcc</subfield>
    <subfield code="4">0</subfield>
    <subfield code="7">0</subfield>
    <subfield code="a">WIUC-1</subfield>
    <subfield code="b">WIUC-1</subfield>
    <subfield code="c">GEN</subfield>
    <subfield code="d">2011-12-15</subfield>
    <subfield code="l">0</subfield>
    <subfield code="o">HB615.H5752</subfield>
    <subfield code="p">1104/11</subfield>
    <subfield code="r">2011-12-15 00:00:00</subfield>
    <subfield code="t">3</subfield>
    <subfield code="w">2011-12-15</subfield>
    <subfield code="y">BK</subfield>
  </datafield>
  <datafield tag="952" ind1=" " ind2=" ">
    <subfield code="0">0</subfield>
    <subfield code="1">0</subfield>
    <subfield code="2">lcc</subfield>
    <subfield code="4">0</subfield>
    <subfield code="7">0</subfield>
    <subfield code="a">WIUC-1</subfield>
    <subfield code="b">WIUC-1</subfield>
    <subfield code="c">GEN</subfield>
    <subfield code="d">2011-12-15</subfield>
    <subfield code="l">0</subfield>
    <subfield code="o">HB615.H5753</subfield>
    <subfield code="p">1105/11</subfield>
    <subfield code="r">2011-12-15 00:00:00</subfield>
    <subfield code="t">4</subfield>
    <subfield code="w">2011-12-15</subfield>
    <subfield code="y">BK</subfield>
  </datafield>
</record>
